000 00434nam a22001697a 4500
005 20200318114112.0
008 200318b xxu||||| |||| 00| 0 eng d
020 _a9788123906652
041 _aeng
100 _aSAMMBA MURTY A V S S
_95266
245 _aMEDICINAL PLANTS IN INDUSTRY (QUESTION BANK)
250 _a1st, 2000
260 _aNEW DELHI
_bCBS PVT.LTD
_c2020
300 _a288;p V
650 _aPHARMACY
_95267
942 _cBK
999 _c6142
_d6140